000 00481nam a2200169Ia 4500
003 IN-BaIIA
008 211028s9999 xx 000 0 eng d
020 _a0-201-47448-4
040 _cIIA Library
080 _a530.145
_bSAK
100 _aSakurai, J. J.
_919161
245 0 _aAdvanced Quantum Mechanics
_cJ. J. Sakurai
260 _aUSA
_bAddison-Wesley
_c1967
300 _axii, 336p.
650 _aquantum mechanics
942 _cBK
999 _c13286
_d13286